Nritya katha: Bachon ke liya Bhartiya nirtiya ki kahaniyan (Record no. 309278)

MARC details
000 -LEADER
fixed length control field 00597 a2200229 4500
005 - DATE & TIME
control field 20260513154933.0
008 - FIXED-LENGTH DATA ELEMENTS--GENERAL INFORMATION
fixed length control field 260513b |||||||| |||| 00| 0 eng d
020 ## - ISBN
International Standard Book Number 9789354919718
Price Rs. 220.00
040 ## - CATALOGING SOURCE
Original cataloging agency VIVEKANANDA LIBRARY
082 ## - DDC NUMBER
Classification number 791.31954
Book Number M474N
100 ## - MAIN ENTRY--PERSONAL NAME
Personal name Mehta, Jaya
245 ## - TITLE STATEMENT
Title Nritya katha: Bachon ke liya Bhartiya nirtiya ki kahaniyan
260 ## - PUBLICATION, DISTRIBUTION, ETC. (IMPRINT)
Name of publisher, distributor, etc NBT
Date of publication, distribution, etc 2023
Place of publication, distribution, etc New Delhi
300 ## - PHYSICAL DESCRIPTION
Pages 76
650 ## - Subject
Subject Dance
650 ## - Subject
Subject Indian Dance
650 ## - Subject
Subject Classical Dance
650 ## - Subject
Subject Dance-India
700 ## - Added Entry Personal Name
Added Entry Personal Name Shivendra Kumar Singh
700 ## - Added Entry Personal Name
Added Entry Personal Name Nataliya, Suruba
942 ## - ADDED ENTRY ELEMENTS (KOHA)
Koha item type Books
Holdings
Withdrawn status Lost status Source of classification or shelving scheme Damaged status Not for loan Location (home branch) Sublocation or collection (holding branch) Shelving location Date acquired Koha issues (times borrowed) Koha full call number Accession No. Koha date last seen Koha item type
    Dewey Decimal Classification     VIVEKANANDA LIBRARY VIVEKANANDA LIBRARY Vivekananda Library 20/02/2024   791.31954 M474N 435166 20/02/2024 Books
© Designed and Maintained by Vivekananda Library, MDU Rohtak